| 000 | 01132nam a22003497a 4500 | ||
|---|---|---|---|
| 003 | CHAP | ||
| 005 | 20220329134904.0 | ||
| 008 | 971013s r 00010 d | ||
| 010 | _a27561 | ||
| 011 | _a28533 | ||
| 035 | _a32637 | ||
| 040 | _cCHAP | ||
| 082 |
_a630.72 _bI53p |
||
| 110 |
_aINIA. México. Campo Agrícola Experimental Iguala _958492 |
||
| 245 | _aProyectos de investigación, 19 - | ||
| 260 |
_aMéxico, D.F. : _bEl Instituto, _c19 - |
||
| 300 | _av | ||
| 500 | _aLa biblioteca tiene: 1980 | ||
| 590 |
_aBATCH-UPD _b10 _c20130110 _lUCH01 _h0027 |
||
| 590 |
_aBATCH-UPD _b10 _c20130110 _lUCH01 _h2051 |
||
| 590 |
_aBATCH-UPD _b10 _c20130409 _lUCH01 _h2008 |
||
| 590 |
_aBATCH-UPD _b10 _c20130410 _lUCH01 _h1404 |
||
| 590 |
_aBATCH-UPD _b10 _c20130913 _lUCH01 _h2101 |
||
| 590 |
_aCONVERSION _b10 _c20130109 _lUCH01 _h1316 |
||
| 650 | 1 | 4 |
_aAgricultura _xInvestigación _xGuerrero. _91627 |
| 650 | 1 | 4 |
_aAjonjolí. _93223 |
| 650 | 1 | 4 |
_aCoco _xGuerrero. _924248 |
| 650 | 1 | 4 |
_aMaíz _xMejoramiento. _971006 |
| 901 | _aBK | ||
| 942 | _cLIBRO | ||
| 949 |
_a630.72 I53p _bBC _cLIBRO _d33724000559886 _eLIBRO _f1980 _h59301 _i32637 _mD _si |
||
| 999 |
_c27561 _d27561 |
||